00841nam a22002417a 450000500170000001000130001702000220003003500130005203700170006504000130008208200230009510000260011824500640014424600360020826000850024427000820032930000610041165000430047265000410051565000210055665000190057770000030059620170124102950.0 aB-052151 c90.00a8186754873 aB-052151 bCen Lib/Ret  aDPLbHN  a822bवैदज  aवैद, जनक  aउस पार इस पार /cजनक वैद  aUs paar is paar bby Janak Ved  a नई दिल्ली bइरावादी प्रकाशन c2002 aसी -482, विकासपुरी bनई दिल्ली e110018 a95पृष्ठ. c20सेमी (सजिल्द) aहिंदी साहित्य  aहिंदी एकांकी  aHindi literature aHindi solitary